000 00462nam a22001577a 4500
999 _c23670
_d23670
003 BDDh-ASL
005 20231015030255.0
008 210401s1964 ii ||||| |||| 00| 0 eng d
040 _aBDDh-ASL
_cBDDh-ASL
082 _a921.8145
_bAVS
100 1 _93583
_aAvalon, Arthur
245 1 4 _aThe Serpent Power:
_bbeing the Sat-Cakra-Nirupana and Paduka-Pancaka /
260 _aMadras:
_bGanesh & Co.,
_c1964.
300 _a529 p., 258 p. :
_c25 cm.
942 _2ddc
_cBK